000 00432nam a2200181Ia 4500
001 17510
005 20260306171522.0
008 260306s9999||||xx |||||||||||||| ||und||
041 _aESP
082 _a658
_bS29
100 _aSchneider, Ben
_eAUT
245 0 _aOutsourcing:
_bcompartiendo el conocimiento
260 _c2002
300 _a257 páginas :
_c21 cm.
650 _aGEN
654 _aCAN
942 _cLIB
_dJUS
_fJUS
_2ddc
_n
999 _c17510
_d17510